书目信息 |
| 题名: |
体验式乡村旅游规划
|
|
| 作者: | 张善峰, 著 | |
| 分册: | ||
| 出版信息: | 北京 中国建筑工业出版社 2019.04 |
|
| 页数: | 127页 | |
| 开本: | 23cm | |
| 丛书名: | ||
| 单 册: | ||
| 中图分类: | F590.75 | |
| 科图分类: | ||
| 主题词: | 乡村旅游--xiang cun lu^ you--旅游规划--研究 | |
| 电子资源: | ||
| ISBN: | 978-7-112-22552-1 | |
| 000 | 01258nam0 2200289 450 | |
| 001 | 0100010590 | |
| 005 | 20190905093951.0 | |
| 010 | @a978-7-112-22552-1@dCNY40.00 | |
| 100 | @a20190903d2019 em y0chiy50 ea | |
| 101 | 0 | @achi |
| 102 | @aCN@b110000 | |
| 105 | @aak a 000yy | |
| 106 | @ar | |
| 200 | 1 | @a体验式乡村旅游规划@Ati yan shi xiang cun lu^ you gui hua@f张善峰著 |
| 210 | @a北京@c中国建筑工业出版社@d2019.04 | |
| 215 | @a127页@c图@d23cm | |
| 300 | @a浙江省自然科学基金一般项目 (LY18C160007) 国家自然科学基金青年科学基金项目 (41301176) 浙江省科协育才工程、浙江工业大学小城镇城市化协同创新中心共同资助 | |
| 312 | @a英文题名取自封面 | |
| 314 | @a张善峰, 1978年生, 吉林省辽源人, 浙江工业大学城市规划系副教授。 | |
| 320 | @a有书目 (第120-127页) | |
| 330 | @a本书是针对乡村旅游体验式规划的详细论著, 对乡村旅游体验是规划的内涵、目标原则, 基础理论与核心理论, 方法, 评价和调控等方面做了详细的论述, 是非常系统全面研究乡村旅游体验式规划的著作, 有助于相关规划师与从业者参考借鉴。 | |
| 510 | 1 | @aRural tourism rlanning experientially@zeng |
| 606 | 0 | @a乡村旅游@Axiang cun lu^ you@x旅游规划@x研究 |
| 690 | @aF590.75@v5 | |
| 701 | 0 | @a张善峰,@Azhang shan feng@f1978-@4著 |
| 801 | 0 | @aCN@c20190905 |
| 905 | @a河南城建学院图书馆@dF590.75@eZ161 | |
| 体验式乡村旅游规划/张善峰著.-北京:中国建筑工业出版社,2019.04 |
| 127页:图;23cm |
| 浙江省自然科学基金一般项目 (LY18C160007) 国家自然科学基金青年科学基金项目 (41301176) 浙江省科协育才工程、浙江工业大学小城镇城市化协同创新中心共同资助 |
| ISBN 978-7-112-22552-1:CNY40.00 |
| 本书是针对乡村旅游体验式规划的详细论著, 对乡村旅游体验是规划的内涵、目标原则, 基础理论与核心理论, 方法, 评价和调控等方面做了详细的论述, 是非常系统全面研究乡村旅游体验式规划的著作, 有助于相关规划师与从业者参考借鉴。 |
| ● |
| 相关链接 |
|
|
|
正题名:体验式乡村旅游规划
索取号:F590.75/Z161
 
预约/预借
| 序号 | 登录号 | 条形码 | 馆藏地/架位号 | 状态 | 备注 |
| 1 | 1438483 | 214384833 | 社科库409/409社科库 39排4列4层/ [索取号:F590.75/Z161] | 在馆 | |
| 2 | 1438484 | 214384842 | 社科库409/409社科库 39排4列3层/ [索取号:F590.75/Z161] | 在馆 |